[Event "Puerto Rico-ch Juniors"]
[Site "Quebradillas"]
[Date "2013.10.13"]
[Round "5.4"]
[White "Quinones Torres, Bryan"]
[Black "Alamo Rivera, Ansell"]
[Result "0-1"]
[WhiteElo "1662"]
[BlackElo "1780"]
[PlyCount "108"]
[EventDate "2013.10.11"]
[EventType "swiss"]
[EventRounds "5"]
[EventCountry "PUR"]
[SourceTitle "EXT 2024"]
[Source "ChessBase"]
[SourceDate "2023.10.10"]
[SourceVersion "1"]
[SourceVersionDate "2023.10.10"]
[SourceQuality "1"]

1. c4 g6 2. Nc3 Bg7 3. g3 c5 4. Bg2 Nf6 5. d3 e6 6. e4 d6 7. Nge2 Nc6 8. Be3 Ng4 9. Bd2 Nb4 10. Be3 Ne5 11. Nc1 0-0 12. 0-0 h5 13. a3 Nbc6 14. f4 Ng4 15. Bf2 Nxf2 16. Rxf2 Bd4 17. N1e2 Bxf2+ 18. Kxf2 e5 19. Qd2 Bg4 20. Nd5 Bxe2 21. Qxe2 Nd4 22. Qd1 exf4 23. gxf4 Qh4+ 24. Kg1 a5 25. a4 Ne6 26. Qf3 Nd4 27. Qf1 Nc2 28. Rc1 Nb4 29. Ne3 Qf6 30. b3 Qd4 31. Qe2 Qxd3 32. Qxd3 Nxd3 33. Rf1 Nb4 34. h4 Rad8 35. f5 Kg7 36. Rf3 Kh6 37. Rg3 Rg8 38. Rg5 f6 39. Rg3 g5 40. hxg5+ Rxg5 41. Rh3 Rdg8 42. Kh2 Rh8 43. Bf3 Kg7 44. Ng2 Nd3 45. Be2 Rxg2+ 46. Kxg2 Nf4+ 47. Kh2 Nxh3 48. Kxh3 Kh6 49. Bf3 b6 50. Kg3 Kg5 51. Bg2 h4+ 52. Kh3 Kf4 53. Bh1 Rg8 54. Kh2 Rg3 0-1